[Event "RUS-chT 03rd"]
[Site "Kazan"]
[Date "1995.??.??"]
[Round "6"]
[White "Sakaev, Konstantin"]
[Black "Ivanov, Sergey"]
[Result "1-0"]
[WhiteElo "2570"]
[BlackElo "2545"]
[Annotator "Ftacnik,L"]
[PlyCount "65"]
[EventDate "1995.??.??"]
[EventType "team-tourn"]
[EventRounds "9"]
[EventCountry "RUS"]
[SourceTitle "CBM 051"]
[Source "ChessBase"]
[SourceDate "1996.04.01"]
[SourceVersion "1"]
[SourceVersionDate "1996.04.01"]
[SourceQuality "1"]
[WhiteTeam "Novosibirsk New Siberia"]
[BlackTeam "Sankt Petersburg FINEK"]
[WhiteTeamCountry "RUS"]
[BlackTeamCountry "RUS"]

1. d4 d5 2. Nf3 Nf6 3. c4 e6 4. Nc3 c6 5. Bg5 dxc4 6. e4 b5 7. e5 h6 8. Bh4 g5
9. Nxg5 hxg5 10. Bxg5 Nbd7 11. g3 Qb6 12. exf6 c5 13. d5 Bb7 14. Bg2 b4 15. O-O
{Moves like this make a true criminal story nearly from every game played with
sharpest line in Botvinnik variation.} (15. Na4 Qd6 $1 (15... Qa6 16. O-O O-O-O
17. a3 Qb5 18. h4 exd5 19. axb4 cxb4 20. Be3 Nc5 21. Qg4+ Kc7 22. Bf4+ Kc6 23.
Nxc5 Bxc5 24. Rfe1 {1-0 Muir,A-Kamsky,G/Bern op (02)/1990/ (43)}) 16. Bf4 (16.
dxe6 Bxg2 17. exd7+ Kxd7 $1 18. Nxc5+ Kc7 19. Qxd6+ Bxd6 $17) 16... Qa6 (16...
e5 $2 17. Be3 Rc8 18. O-O Nxf6 19. Re1 Bxd5 20. Bf4 Rh5 21. Qe2 Bxg2 22. Bxe5
Bf3 23. Bxd6+ Bxe2 24. Rxe2+ Kd7 25. Bxf8 Rxf8 26. Rc1 $16 {1/2-1/2
Jasnikowski,Z-Lukacs,P/Polanica Zdroj/1986/ (51)}) 17. O-O O-O-O 18. a3 (18.
dxe6 Nxf6 $5 (18... Bxg2 19. e7 Qc6 20. exd8=Q+ Kxd8 21. Re1 Bf3 22. Qc2 Qd5
23. Re3 Rxh2 $2 24. Rxf3 Qh5 25. g4 $1 $18) (18... Qxe6 19. Re1 Qxf6 20. Bxb7+
Kxb7 21. Qd5+ Qc6 22. Qxf7 $5 Qxa4 23. Bg5 $36) 19. Qe2 (19. Bxb7+ Qxb7 20. Qe2
(20. Qc2 $5) 20... Bd6 $1 21. Qxc4 Bxf4 $13) 19... Bxg2 20. Kxg2 (20. Qe5 Qb7
$1) (20. e7 Bxe7 21. Qxe7 Nd5 $1 22. Qxc5+ Kb7 $13) 20... Nd5 $13) (18. Re1 $5
Nb8 $1 19. Bxb8 Bxd5 $1 20. Bxd5 Rxd5 21. Qc2 Kxb8 22. Re4 Rd4 $13) 18... b3
19. Nc3 (19. dxe6 Bxg2 20. e7 Qc6 21. Qd6 Bxe7 22. fxe7 Rde8 23. Rfd1 Bf3 24.
h4 Qxd6 25. Rxd6 Rxe7 {1-0 Nielsen,PH-Maksimenko,A/Copenhagen BSF (02)/1995/ 
(37)}) 19... Nxf6 (19... Nb6 20. d6 Bxg2 21. Kxg2 Qb7+ 22. f3 Qc6 23. Qe2 Bxd6
24. Bxd6 Rxd6 25. Rad1 Rhd8 {0-1 Jorgensen,M-Bjerring,K/Copenhagen op (06)/
1995/ (40)}) 20. Qe2 $6 (20. Bg5 $142 exd5 21. Qf3 (21. Re1 Bh6) 21... Bg7 {
/\d4} 22. Rfe1 $44) 20... Nxd5 21. Nxd5 exd5 22. Qe5 Bd6 23. Qf5+ Rd7 $6 (23...
Kb8 $142 24. Qxf7 Rdf8 25. Bxd6+ Qxd6 26. Qg7 Qf6 $1 27. Qxf6 Rxf6 $17) 24. Qf6
Rh5 25. Bf3 Bxf4 26. Qxf4 Rh6 27. Bg4 Rf6 28. Bxd7+ Kxd7 $44 {0-1 Jasnikowski,
Z-Ivanov,Se/Lubniewice/1994/ (49)}) 15... bxc3 (15... O-O-O 16. Rb1 (16. dxe6
Bxg2 17. e7) (16. Na4 Qb5 17. a3) 16... Qa6 17. dxe6 Bxg2 18. e7 Ba8 $1) 16.
bxc3 (16. dxe6 Ne5 17. Re1 (17. f4 $5) 17... Bxg2 18. Rxe5 Qc6 $5 (18... Bc6
19. exf7+ Kxf7 20. Qg4 Re8 21. Qxc4+ Kg6 22. Qxc3 $36)) 16... Qc7 $5 (16... e5
17. Rb1 Qa6 18. Rxb7 Qxb7 19. d6 Qc8 20. f4 $1 Rb8 21. fxe5 {/\ e6->}) (16...
Bxd5 17. Bxd5 exd5 18. Re1+ Kd8 19. Qxd5 Rc8 20. Qxf7 $16) 17. dxe6 fxe6 18.
Qb1 O-O-O (18... Bxg2 $5 19. Qg6+ Kd8 20. f7+ Kc8 21. Kxg2 Qc6+ 22. f3 $13) 19.
Bxb7+ Qxb7 20. Re1 {Sakaev shows a good nerve, without a piece he tries to
take advantage from a pawn mass on the kingside.} Bh6 (20... Qd5 21. Qb5 $1)
21. Qxb7+ Kxb7 22. f4 (22. Bxh6 Rxh6 23. Rxe6 Rxf6 $17) 22... Nf8 (22... Rdf8
23. Rxe6 $16) 23. Re4 Rd2 24. h4 (24. Rxc4 $2 Bxg5 25. fxg5 Rdxh2 $19) 24...
Rd3 25. Rb1+ Kc6 26. Kg2 Bxg5 (26... Rxc3 27. Rb8 Rc2+ 28. Kf3 Bxg5 29. fxg5
Rxa2 30. f7 Ra3+ 31. Kg2 Kd5 32. Re2 $16) 27. fxg5 Kd5 28. Re2 e5 $2 (28...
Rxc3 29. Rb8 Kd6 (29... Ng6 30. Rxh8 Nxh8 31. h5 Rc1 32. g6 Rb1 33. g7 Rb8 34.
h6 $1 c3 35. h7 $18) 30. f7 Ke7 31. Rf2 $1 $18) (28... Ng6 $1 29. Rb7 Ne5 {
Please note, how the centralised N covers all sorts of vital squares d7,f7,g6
etc.} 30. Rxa7 Rxc3 $13) 29. Rb8 Rxc3 (29... Ng6 30. Rxh8 Nxh8 31. h5 Ke6 32.
Rf2 Rd8 33. g6 $18) 30. f7 Ke6 (30... Rc1 31. g6 $18) 31. Rf2 e4 32. Re8+ Kd7
33. g6 $1 (33. g6 $1 Nxg6 34. Rxh8 Rf3 35. Rg8 Ke7 36. Rxg6 Kxf7 37. Rc6 $18)
1-0

[Event "Dortmunder Schachtage-B 18th"]
[Site "Dortmund"]
[Date "1990.04.15"]
[Round "10"]
[White "Knaak, Rainer"]
[Black "Polgar, Sofia"]
[Result "1-0"]
[WhiteElo "2500"]
[BlackElo "2410"]
[Annotator "Ftacnik,L"]
[PlyCount "75"]
[EventDate "1990.04.05"]
[EventType "tourn"]
[EventRounds "11"]
[EventCountry "GER"]
[EventCategory "9"]
[SourceTitle "CBM 018"]
[Source "ChessBase"]
[SourceDate "1990.10.01"]
[SourceVersion "1"]
[SourceVersionDate "1990.10.01"]
[SourceQuality "1"]

1. d4 {Knaak} d5 2. c4 e6 3. Nc3 c6 4. Nf3 Nf6 5. Bg5 dxc4 6. e4 b5 7. e5 h6 8.
Bh4 g5 9. Nxg5 hxg5 10. Bxg5 Nbd7 11. g3 Qa5 12. exf6 b4 13. Ne4 Ba6 14. Be3 $5
{N} (14. Be2) (14. Qf3) (14. b3) 14... c3 (14... O-O-O $5) (14... O-O-O {Knaak}
15. Qf3 Qd5 16. Be2 c5 17. Ng5 $16 {>< f7}) (14... Qf5 $5 {Knaak}) 15. bxc3
bxc3 16. Qc2 Bxf1 17. Kxf1 Qf5 (17... Qb5+ 18. Kg2 Qf5 19. h4) 18. Ke2 (18. h4
Qf3 19. Rg1 Bh6) 18... Ba3 (18... Rb8 19. Rab1 Rb2 20. Rxb2 cxb2 21. Qxc6 $18)
19. Rab1 O-O 20. g4 $1 Qg6 (20... Qxg4+ 21. f3 Qh5 22. Rbg1+ Kh8 23. Rg5 Qh7
24. Qxc3 $18) (20... Qh7 $5 {Knaak}) 21. f3 Bb2 22. h4 $1 e5 (22... Nxf6 23. h5
Qg7 24. Bh6 $5 (24. Nxc3 $16) (24. h6 {Knaak} Qg6 25. h7+ Kh8 26. Rh6) 24...
Qxh6 25. g5 $18) 23. h5 Qh7 24. Rbg1 exd4 25. Bxd4 Rfe8 (25... c5 26. Bxc3 Bxc3
27. Qxc3 $18) 26. Kf2 Ne5 27. Bxe5 (27. Bxc3 Nxf3 $1 28. Kxf3 Bxc3) 27... Rxe5
28. g5 Qf5 29. g6 Rxe4 $8 (29... Rd8 {Knaak} 30. gxf7+ Kxf7 31. Qb3+ Red5 32.
Rg5 Qf4 33. Rg4 Qf5 34. Rhg1) 30. Qxe4 Qxe4 31. fxe4 Re8 (31... c2 32. Rc1 Bxc1
33. Rxc1 Re8 34. Rxc2 Re6 35. e5 Rxe5 36. Rxc6 $18) 32. h6 $1 fxg6 33. h7+ Kh8
(33... Kf7 34. h8=Q Rxh8 35. Rxh8 c2 36. Kf3 c1=Q 37. Rxc1 Bxc1 38. e5 $18) 34.
Rxg6 Rf8 35. Ke2 c2 36. f7 c1=N+ 37. Ke3 Bg7 38. Rxg7 {Ftacnik,L} 1-0

[Event "RUS-ch Army"]
[Site "Russia"]
[Date "1995.??.??"]
[Round "?"]
[White "Kharitonov, Andrei Y"]
[Black "Yagupov, Igor"]
[Result "1-0"]
[WhiteElo "2550"]
[BlackElo "2415"]
[Annotator "Ftacnik,L"]
[PlyCount "151"]
[EventDate "1995.??.??"]
[EventType "tourn"]
[EventRounds "11"]
[EventCountry "RUS"]
[EventCategory "10"]
[SourceTitle "CBM 048"]
[Source "ChessBase"]
[SourceDate "1995.10.01"]
[SourceVersion "1"]
[SourceVersionDate "1995.10.01"]
[SourceQuality "1"]

1. d4 d5 2. c4 c6 3. Nf3 Nf6 4. Nc3 e6 5. Bg5 dxc4 6. e4 b5 7. e5 h6 8. Bh4 g5
9. Nxg5 hxg5 10. Bxg5 Nbd7 11. exf6 Bb7 12. g3 c5 13. d5 Bh6 14. Bxh6 Rxh6 15.
Qd2 Qxf6 16. O-O-O Kf8 17. Be2 $5 (17. Rg1 Ne5 (17... Rxh2 $5 18. dxe6 Ne5 19.
Qd6+ Kg7 20. f4 $13) 18. Qe3 (18. dxe6 Nf3 19. Qd6+ Kg7 20. Rg2 Qg5+ 21. Qf4
Rxe6 $13) 18... Rxh2 (18... Nf3 $5) 19. Qxc5+ Kg8 $6 (19... Kg7 $1 20. dxe6
Rxf2 21. exf7 Qg5+ 22. Kb1 Rxb2+) 20. f4 (20. dxe6 fxe6 $5 21. Be2 $1 Rxf2 22.
Rgf1 Rxf1 23. Rxf1 Qg5+ 24. Kb1 a6 $132 {עg8}) 20... Qf5 {Vujatovic,R-Zontakh,
A/Kiev/1994/} 21. Be2 $8 Rxe2 22. Nxe2 Nd3+ 23. Rxd3 cxd3 24. Nc3 Rc8 25. Qxb5
Bxd5 $15) (17. Qe3 $5 exd5 18. Nxd5 Qe6 19. Bg2 $13) (17. g4 $5 Rg6 $1 $8 18.
Rg1 (18. g5 $6 Qxg5 19. f4 Qh6 $1) (18. f4 $5 Rxg4 19. Bh3 Rxf4 20. Rhf1 $36)
18... Ne5 (18... exd5 $5 19. Nxd5 Bxd5 20. Qxd5 Nb6 21. Qxc5+ Kg8 22. Qd4 Qxd4
23. Rxd4 Re8 $44) 19. g5 (19. Be2 $5) (19. Qe3 $5) 19... Qf5 20. Qe3 exd5 21.
Bh3 (21. Nxd5 Bxd5 22. Qxc5+ Kg8 23. Rxd5 Rc8 $1 24. Qd4 Re6) (21. Qxc5+ Kg7
22. Qd4 Kg8 $13) 21... Qf3 $10 {Piket,Je-Kaidanov,G/Tilburg/1993/0.5 (37)}) (
17. f3 exd5 18. Nxd5 Qd6 (18... Bxd5 19. Qxd5 Nb6 20. Qxc5+ Kg8 21. Qe3 Na4 22.
Rd4 Nxb2 23. Rf4 Qg7 {0.5/Bagaturov,G-Jaracz,P/Pardubice op (7)/1994/}) 19. Nc7
Qxd2+ 20. Rxd2 Rc8 21. Nxb5 Ne5 (21... Bxf3 22. Bg2 Bxg2 23. Rxg2 Ne5 {0.5/
Salov,V-Bareev,E/Madrid/1994/}) 22. Be2 Bxf3 23. Bxf3 Nxf3 24. Rd5 {Kohlweyer,
B-Hector,J/Geneve op (8)/1994/0-1 (58)}) (17. f4 Nb6 18. Ne4 $2 (18. Bg2 $6
exd5 19. Qf2 (19. Bxd5 $2 Rd8) (19. Nxb5 Bc6 20. Nc7 (20. Na3 Rb8) (20. Nc3 d4
21. Ne4 Bxe4 22. Bxe4 Re8 23. Bg2 c3 $17) 20... Rd8 (20... Rc8 $6 21. Nxd5 Bxd5
22. Bxd5 Rd8 23. Qg2 c3 24. b3) 21. f5 $5 Na4 $5 {/\ c3} (21... c3 $5 22. Qxc3
d4 23. Qc2 Bxg2 24. Qxg2 Qc6 $17 {/\} 25. Ne6+ $2 Rxe6 $19) 22. g4 c3 23. bxc3
$8 Qxc3+ 24. Qxc3 Nxc3 $17 {Alterman,B-Kamsky,G/Tilburg/1993/0-1 (40)}) 19...
Rc8 $1 (19... d4 $6 20. Bxb7 Rb8 21. Ne4 Qe7 22. f5 $1 $40) 20. Nxb5 (20. Bxd5
Nxd5 21. Nxd5 Qa6 $17) (20. Nxd5 Bxd5 21. Bxd5 c3 $1 $17) 20... Na4 $1 21. Qc2
(21. Na3 Rb8 $1) (21. Nxa7 Rb8 $1) (21. Bxd5 Bxd5 22. Rxd5 Qc6 23. Nxa7 Qxd5
24. Rd1 Qb7 25. Nxc8 Qxc8 $19) 21... Qa6 22. Na3 (22. Nc3 Nxc3 23. Qxc3 Qxa2
24. Qa3 Qxa3 25. bxa3 Rd8 {/\ Bc6, d4-+}) 22... c3 $3 {Kamsky,G-Shirov,A/
Luzern/1993/0-1 (31)}) (18. Nxb5 exd5 $15) (18. g4 $5) 18... Qg7 $1 (18... Qf5
$15) 19. Bg2 (19. dxe6 $2 Bxe4 20. Qd6+ Kg8 21. exf7+ Kxf7 $19) (19. Nxc5 Bxd5
20. Rg1 c3 $17) 19... Bxd5 20. Nc3 b4 $1 21. Nxd5 exd5 22. Qf2 Rc8 $1 23. Bxd5
c3 {Vladimirov,E-Bareev,E/Tilburg/1993/0-1 (28)}) (17. dxe6 $2 Ne5) (17. Bg2
Ne5) 17... Nb6 18. Qe3 exd5 (18... Nxd5 19. Qxc5+ Kg8 20. Ne4 $36) 19. Qxc5+
Kg8 {Botvinnik variation is very sharp and usually the K are in the reverse
corners. Untypically both are now protected with the shield made of enemy P.}
20. Rd4 Rc8 (20... Qxf2 $4 21. Rg4+) 21. Rg4+ Rg6 22. Qd4 Qxd4 23. Rxd4 b4 24.
Nd1 Rc5 25. Ne3 Rf6 26. Rf1 (26. f4 $2 Re6) 26... Nc8 27. Bg4 Ne7 (27... Nd6
28. Bd7 $13) 28. Re1 Kf8 $6 (28... Nc6 29. Rxd5 Rxd5 30. Nxd5 Rxf2 $13) (28...
Rxf2 29. Nd1 Nc6 30. Rxd5 Rxd5 31. Nxf2 $13) 29. Re2 Ra6 30. Kb1 Raa5 31. Nf5 {
[%csl Gd4] White still somehow manages to block the d5P.} Rc7 (31... Nc6 32.
Rf4 Nd8 33. Nd6 $40) 32. Nd6 Ba6 33. Rf4 Ng6 34. Re8+ Kg7 35. Rb8 $1 Nxf4 36.
Ne8+ Kg6 37. Nxc7 Nd3 38. f4 Nf2 (38... Kf6 39. Be2) (38... d4 39. Be2) 39. Bf3
d4 (39... c3 $6 40. Nxa6 Rxa6 41. Rxb4 Nd3 42. Rb3 Rxa2 43. Kxa2 c2 44. Rc3
c1=Q 45. Rxc1 Nxc1+ 46. Kb1 Nb3 47. Bxd5 $18) 40. Nxa6 (40. Rxb4 d3) 40... Rxa6
{When the P are quite assymetrical the B tends to be much stronger than the N.}
41. Rxb4 d3 42. Kc1 (42. Rxc4 Rd6 43. Rc7 a6 44. f5+ Kf6 45. Bh5 d2 46. Rxf7+
Kg5 47. Be2 d1=Q+ 48. Bxd1 Nxd1 $10) 42... c3 $1 (42... Rxa2 43. Rxc4 d2+ 44.
Kb1 $1 Ra5 45. Rd4 $18) 43. bxc3 Rxa2 44. Rb2 Rxb2 45. Kxb2 a5 46. Kc1 a4 47.
Kd2 Kf6 (47... a3 48. Bd5) 48. Bd5 Ke7 49. h4 (49. Ke3 Ng4+ 50. Kxd3 Nxh2)
49... a3 50. Ke3 Ne4 $1 51. Kxd3 (51. Kxe4 $4 d2 52. Bb3 a2 $19) 51... Nxg3 52.
Ba2 f6 53. c4 (53. Kc4 $5 Ke6 54. Bb1 Nh5 55. f5+ Ke5 56. Kb3 $18) 53... Kd6
54. Kc3 Ne2+ (54... Kc5 55. Kb3 Ne4 56. Kxa3 $18) 55. Kb4 Nxf4 56. Kxa3 f5 57.
Bb1 Ke5 58. Kb4 Ne6 59. h5 Kf6 60. h6 f4 (60... Kg6 $4 61. Bxf5+ $1 Kxf5 62. h7
$18) 61. Kc3 {With running P the B is understandably stronger than the N.} Nc5
(61... f3 62. Kd2) 62. Bc2 Nd7 63. Kd4 f3 64. h7 Kg7 65. Ke3 Kh8 66. Bf5 (66.
Kxf3 $4 Ne5+ $10) 66... Ne5 67. c5 Kg7 68. Be4 Kh8 69. Bxf3 Kxh7 70. Ke4 Nc6 (
70... Nd7 71. c6 Nb6 72. c7 Kg6 73. Kd4 Nc8 74. Bb7 Ne7 75. Ke5 Kf7 76. Kd6 Kf6
77. Kd7 Kf7 78. Ba6 Kf6 79. Bc4 $18) 71. Kd5 Na5 (71... Nb4+ 72. Kc4 Na6 73. c6
Kg7 74. Kb5 Nc7+ 75. Kb6 Ne8 76. Bh5 Nd6 77. c7 Kf6 78. Bg4 Ke7 79. Kc6 $18)
72. Ke5 Kg7 (72... Nc4+ 73. Kd4 Na5 74. Kc3 Kg7 75. Kb4 $18) 73. Bd5 $1 Kg6 74.
Kd4 Kf6 75. Kc3 Ke5 76. Bh1 1-0

[Event "Hoogovens op"]
[Site "Wijk aan Zee"]
[Date "1995.01.??"]
[Round "11"]
[White "Hulak, Krunoslav"]
[Black "Piket, Jeroen"]
[Result "1-0"]
[WhiteElo "2545"]
[BlackElo "2670"]
[Annotator "Ftacnik,L"]
[PlyCount "83"]
[EventDate "1995.01.??"]
[EventType "swiss"]
[EventRounds "12"]
[EventCountry "NED"]
[SourceTitle "CBM 046"]
[Source "ChessBase"]
[SourceDate "1995.06.01"]
[SourceVersion "1"]
[SourceVersionDate "1995.06.01"]
[SourceQuality "1"]

1. d4 d5 2. c4 e6 3. Nf3 Nf6 4. Nc3 c6 5. Bg5 dxc4 6. e4 b5 7. a4 (7. e5 h6)
7... Bb7 8. axb5 (8. e5) 8... cxb5 9. Nxb5 (9. e5 h6 10. Bd2 Ne4 11. Nxb5 Nxd2
$1 12. Qxd2 Bxf3 $1 13. gxf3 Nc6 $15 {Sherbakov-Novikov/Blagoveschensk/1988/})
9... Bb4+ 10. Nc3 Bxe4 11. Bxc4 (11. Qa4+ Nc6 12. Bxc4 O-O 13. Nd2 Qxd4 14. f3
Bd5 15. Bxd5 exd5 16. Qxc6 Qe5+ 17. Nde4 Nxe4 18. fxe4 Qxe4+ 19. Kd1 Bxc3 20.
Qxc3 Qxg2 $19 {Veingold-Sakaev,K/1992/}) 11... Nc6 $5 $146 (11... O-O 12. O-O
Bb7) 12. O-O Bxf3 13. Qxf3 Nxd4 14. Qe3 $1 (14. Qb7 Qb8 15. Rxa7 O-O $1 $10 (
15... Qxa7 16. Qxb4 $44)) (14. Bb5+ Kf8 15. Qd3 Qb6 16. Ra6 Qc5 $13) 14... Nc2
15. Bb5+ (15. Qe5 Bxc3 (15... Nxa1 16. Qb5+ Qd7 17. Qxb4 Nc2 18. Qa5 O-O $13)
16. Qc5 $5 (16. Qxc3 Nxa1 17. Bb5+ Kf8 18. Rxa1 h6 $13) 16... Nd7 17. Bb5 Bb4
18. Qxc2 Qxg5 19. Bxd7+ Ke7 $1 (19... Kxd7 $2 20. Qa4+ Ke7 21. Qxb4+ Kf6 22.
Ra5 $40)) 15... Kf8 16. Bxf6 $1 Nxe3 (16... Qxf6 17. Rxa7 $1 (17. Qe4 Rb8 18.
Qxc2 Bxc3 19. bxc3 Rxb5 20. Rxa7 g6 $10) 17... Rxa7 (17... Rb8 18. Qg3 Rc8 19.
Ne4 Qd4 20. Rc7 Qd8 21. Rxc8 Qxc8 22. Rc1 $18) (17... Rd8 18. Qb6 e5) (17...
Nxe3 18. Rxa8+ Ke7 19. Rxh8 Bxc3 (19... Nxf1 20. Ne4 $18) 20. fxe3 Qe5 21. Re8+
Kd6 22. Rd1+ Kc5 23. Rc8+ Kxb5 24. Rxc3 $16) 18. Qxa7 g6 19. Qa4 $1 Bxc3 20.
bxc3 Qg5 (20... Qxc3 21. Rc1) 21. Rb1 Qd2 22. Bf1 $18) 17. Bxd8 Nxf1 18. Bg5 f6
19. Bc1 Nxh2 20. Kxh2 a5 21. Bc4 Ke7 22. Na4 Rhd8 23. Be3 Rac8 24. b3 $16 Rc6
25. Kg3 h6 26. Kf3 f5 27. Ke2 e5 28. Nb2 $5 (28. Nb6 f4 29. Nd5+ Rxd5 30. Bxd5
Rd6 31. Rd1 fxe3 32. Kxe3 $14) 28... Bc3 29. Ra2 f4 (29... Kf6 30. Bb5 Rcd6 31.
Nc4 Rd1 32. Bd2 $18) 30. Bc1 Rg6 31. Kf3 e4+ (31... Rd4 32. Na4 $1) (31... Kf6
$5 {/\ Kf5}) 32. Kxe4 Rxg2 33. Nd3 g5 34. Rc2 Ba1 (34... Bb4 35. Nxb4 axb4 36.
Bd2 $18) 35. Bd2 Rg1 36. Bxa5 Rd4+ $2 (36... Rd7 $16) 37. Kf5 f3 38. Bb4+ Ke8
39. Ra2 Rxd3 40. Bxd3 Bd4 41. Ke6 Kd8 (41... Bxf2 $2 42. Ra8#) 42. Bd6 (42. Bd6
Re1+ 43. Kd5 Bxf2 44. Ra8+ Kd7 45. Bb5#) 1-0

[Event "Madrid"]
[Site "Madrid"]
[Date "1994.??.??"]
[Round "9"]
[White "Salov, Valery"]
[Black "Bareev, Evgeny"]
[Result "1/2-1/2"]
[WhiteElo "2685"]
[BlackElo "2685"]
[Annotator "Ftacnik,L"]
[PlyCount "46"]
[EventDate "1994.05.??"]
[EventType "tourn"]
[EventRounds "9"]
[EventCountry "ESP"]
[EventCategory "15"]
[SourceTitle "CBM 041"]
[Source "ChessBase"]
[SourceDate "1994.08.01"]
[SourceVersion "1"]
[SourceVersionDate "1994.08.01"]
[SourceQuality "1"]

1. d4 d5 2. c4 c6 3. Nf3 Nf6 4. Nc3 e6 5. Bg5 dxc4 6. e4 b5 7. e5 h6 8. Bh4 g5
9. Nxg5 hxg5 10. Bxg5 Nbd7 11. exf6 Bb7 12. g3 c5 13. d5 Bh6 14. Bxh6 Rxh6 15.
Qd2 Qxf6 16. O-O-O Kf8 17. f3 $5 (17. g4 Rg6 18. Rg1 Ne5 19. g5 Qf5 20. Qe3
exd5 21. Bh3 Qf3 22. Qxc5+ Kg8 23. Nxd5 Bxd5 24. Qxd5 Qxd5 25. Rxd5 $14 {
Piket,J-Kaidanov,G/Tilburg (03)/1993/0.5 (37)}) (17. f4 Nb6 18. Ne4 (18. Bg2
exd5 19. Qf2 (19. Nxb5 Bc6 20. Nc7 Rd8 21. f5 Na4 22. g4 c3 23. bxc3 Qxc3+ 24.
Qxc3 Nxc3 25. Rd2 $17 {Alterman,B-Kamsky,G/Tilburg (02)/1993/0-1 (40)}) 19...
Rc8 20. Nxb5 Na4 21. Qc2 Qa6 22. Na3 c3 23. Bxd5 Nxb2 24. Qf5 Rf6 25. Qh7 $17 {
Kamsky,G-Shirov,A/Luzern WchT (USA-LTU)/1993/0-1 (31)}) 18... Qg7 19. Bg2 Bxd5
20. Nc3 b4 21. Nxd5 exd5 22. Qf2 Rc8 23. Bxd5 c3 24. b3 c4 25. Bxc4 $19 {
Vladimirov,E-Bareev,E/Tilburg (02)/1993/0-1 (28)}) 17... exd5 18. Nxd5 Qd6 19.
Nc7 Qxd2+ 20. Rxd2 Rc8 21. Nxb5 Bxf3 (21... Ne5 22. Be2 Bxf3 23. Bxf3 Nxf3 24.
Rd5 Re6 25. Rf1 $10 {Kohlweyer,B-Hector,J/Geneve op-A (8)/1994/0-1 (58)}) 22.
Bg2 Bxg2 23. Rxg2 Ne5 1/2-1/2

[Event "Riga Tal Memorial"]
[Site "Riga"]
[Date "1995.??.??"]
[Round "10"]
[White "Kramnik, Vladimir"]
[Black "Ehlvest, Jaan"]
[Result "1-0"]
[WhiteElo "2715"]
[BlackElo "2615"]
[Annotator "Ftacnik,L"]
[PlyCount "49"]
[EventDate "1995.04.??"]
[EventType "tourn"]
[EventRounds "11"]
[EventCountry "LAT"]
[EventCategory "17"]
[SourceTitle "CBM 047"]
[Source "ChessBase"]
[SourceDate "1995.08.01"]
[SourceVersion "1"]
[SourceVersionDate "1995.08.01"]
[SourceQuality "1"]

1. Nf3 d5 2. d4 Nf6 3. c4 c6 4. Nc3 e6 5. Bg5 dxc4 6. e4 b5 7. e5 h6 8. Bh4 g5
9. Nxg5 hxg5 10. Bxg5 Nbd7 11. g3 Qa5 12. exf6 Ba6 13. Qf3 Rc8 14. Be2 b4 15.
Ne4 c5 16. d5 $3 (16. dxc5 Nxc5 17. Nxc5 Bxc5 18. O-O Bd4 19. Qf4 Qe5 20. Qxe5
Bxe5 $44 {Sokolov,I-Kamsky,G/Beograd/1991/0.5 (45)}) 16... exd5 17. Qf5 dxe4
18. O-O-O Rc7 (18... Qc7 19. Bg4 (19. Rd5 Bb7 20. Qxe4+ Kd8 21. Bf4 Bd6 (21...
Qc6 22. Rhd1) 22. Bxd6 Qxd6 23. Rxd6 Bxe4 24. Rhd1 Bf5 25. h4 $13) (19. Qxe4+
Qe5 20. Qxe5+ Nxe5 21. Rd5 Nd7 22. Bg4 Rc7 23. Re1+ Kd8 24. Red1 Bb5 $17) 19...
Ne5 (19... Bb5 20. Qxe4+ Kd8 21. Rhe1 Bd6 22. Qd5 c3 23. Qxd6 Qxd6 24. Rxd6 $16
) 20. Rd5 Bd6 (20... Nxg4 21. Qxe4+ Be7 22. fxe7 f6 23. Qg6+ Kxe7 24. Re1+ Kf8
25. Bxf6 $18) (20... Nd3+ 21. Kb1 Bd6 22. Qxe4+ Kf8 23. Qe3 {/\ Bh6}) 21. Qxe4
Rd8 22. f4 Bb7 23. Rhd1 $40) 19. Bg4 Bb5 (19... Qxa2 20. Rxd7 Qa1+ 21. Kd2
Qxb2+ 22. Ke3 Qc3+ 23. Kf4 Bb7 24. Rhd1 $18) 20. Qxe4+ Kd8 21. Bxd7 Bxd7 (21...
Rxd7 22. Qa8+ Kc7 23. Rxd7+ Bxd7 24. Bf4+ Kb6 25. Qd8+ Ka6 26. Qxd7 $16) 22.
Rhe1 Bh6 (22... Kc8 23. Qa8#) (22... Bd6 23. Rxd6 Qb5 24. Red1 $18) 23. Qa8+
Rc8 24. Rxd7+ $1 Kxd7 25. Qd5+ (25. Qd5+ Kc7 26. Re7+ Kb6 27. Qb7#) 1-0